000 01376naa a22003017a 4500
001 BR8803444
003 BR-BrBNA
005 20240918180150.0
007 ta
008 230509b bl.||||| |||| 00| 0 por d
040 _aBR-BrBNA
_bpor
_cBiblioteca Nacional de Agricultura
041 _a(Pt)
072 _aK10; E13
_b/G514
090 _aK10 BR8803444
100 1 _aLadeira, H.P.
111 1 _aSimposio Florestas Plantadas nos Neotropicos como Fonte de Energia
_cVicosa, MG (Brazil)
_d6-13 Feb 1983
245 1 _aAspectos sociais dos reflorestamentos com incentivos finais no Estado de Minas Gerais, Brasil
246 1 _a[Social aspects of tax exempted reflorestation programs in the state of Minas Gerais, Brasil]
246 1 _a[Tropical forests as energy sources]
260 3 _aVicosa, MG (Brasil):
_b1983,
_c1983.
500 _aBarros, N.F. de (ed.) Florestas plantadas nos neotropicos como fonte de energia. Anais do simposio Vicosa, MG (Brasil): 1983, 1983. p. 326-347 (BR8803444-AM)K10
650 _aREFLORESTAMENTO
650 _aINCENTIVO FISCAL
650 _aMINAS GERAIS
773 0 _tFlorestas plantadas nos neotropicos como fonte de energia. Anais do simposio
_aBarros, N.F. de (ed.). Universidade Federal de Vicosa, MG (Brasil)
_wK10 BR8803444
_gVicosa, MG (Brasil), 1983. p. 326-347
909 _a202404
_bLucia
_c55
_dLucia Elande
942 _cAM
_2AGRIS
999 _c319337
_d319337